000 00482nam a22001817a 4500
003 OSt
005 20140310181709.0
008 121206t xxu||||| |||| 00| 0 eng d
020 _a971555282X
050 _aPL 6058.9
_b.C78 2001
082 _aFIL 890.2
_bC88 2001
100 _aCruz, Isagani R.
245 _aPito-pito /
_cIsagani R. Cruz.
260 _aManila :
_bDe La Salle University Press,
_c2001.
300 _aviii, 120 p. :
_c 21 cm.
942 _2lcc
_cBK
999 _c1472
_d1472